000 00204nam a2200085Ia 4500
008 170617s9999 xx 000 0 und d
100 _aSEILER- JURG P.
245 0 _aGOOD LABOROTORY PRACTICE
260 _bDEHLI-SPRINGER
260 _c2007
999 _c15939
_d15939